Loading...
| Science - Chemistry | 0 | 3 | 0 | 0 | 30 | 124 | 126.00 | 0 | 0 |
| History - Other History | 0 | 3 | 0 | 1 | 30 | 73 | 95.00 | 0 | 1 |
| History - American History | 0 | 3 | 1 | 0 | 25 | 51 | 72.33 | 2 | 3 |
| Literature - World/Other Literature | 0 | 2 | 0 | 0 | 20 | 81 | 106.00 | 0 | 0 |
| Literature - American Literature | 0 | 2 | 0 | 0 | 20 | 109 | 124.50 | 0 | 0 |
| Science - Physics | 0 | 2 | 0 | 0 | 20 | 125 | 125.50 | 0 | 0 |
| Religion | 0 | 2 | 0 | 0 | 20 | 44 | 80.50 | 1 | 1 |
| Fine Arts - Other Fine Arts | 0 | 2 | 0 | 0 | 20 | 122 | 122.00 | 0 | 0 |
| Fine Arts - Classical Music | 0 | 1 | 0 | 0 | 10 | 134 | 134.00 | 0 | 0 |
| Fine Arts - Visual Fine Arts | 0 | 1 | 0 | 0 | 10 | 109 | 109.00 | 0 | 0 |
| Geography/Current Events | 0 | 1 | 0 | 0 | 10 | 79 | 79.00 | 0 | 0 |
| Literature - European Literature | 0 | 1 | 0 | 0 | 10 | 134 | 134.00 | 0 | 0 |
| Other Academic | 0 | 1 | 0 | 0 | 10 | 93 | 93.00 | 0 | 1 |
| Philosophy | 0 | 1 | 0 | 0 | 10 | 100 | 100.00 | 0 | 0 |
| Pop Culture | 0 | 1 | 0 | 0 | 10 | 74 | 74.00 | 0 | 1 |
| Science - Biology | 0 | 1 | 0 | 1 | 10 | 118 | 118.00 | 0 | 0 |
| Science - Other Science | 0 | 1 | 0 | 0 | 10 | 121 | 121.00 | 0 | 0 |
| Social Science | 0 | 1 | 1 | 0 | 5 | 18 | 18.00 | 1 | 1 |
| History - World History | 0 | 1 | 1 | 1 | 5 | 126 | 126.00 | 0 | 0 |
| Literature - British Literature | 0 | 1 | 1 | 0 | 5 | 126 | 126.00 | 0 | 0 |